Datum a čas kvízu
25
Celkem bodů
Celkový počet nahraných bodů na tomto kvízu bez doplňovacích otázek.
6.
Pořadí na kvízu
Konečné umístění týmu na tomto kvízu.
Zaznamenané odpovědi
| # | Otázka | Odpověď | Body | Výsledky |
|---|---|---|---|---|
| 1. | Ministerstvo zdravotnictví chy... | Reklamy by neměly zobrazovat živé bytosti. | 0 | |
| 2. | O tom, že Pláničkova metoda zv... | Pomocí virtuální reality. | 1 | |
| 3. | Část sbírek z jedné z nejslavn... | Zelená klenba (Grünes Gewölbe) | 0 | |
| 4. | Podnikatel a vizionář Elon Mus... | TMBK | 1 | |
| 5. | Biatlonová sezona byla zahájen... | Dorothea Wiererová | 1 | |
| 6. | V tomto tématu se podíváme na... | kališní lístek | 0 | |
| 7. | Tato britská indierocková kape... | Florence and the Machine | 1 | |
| 8. | Nestorka českého ženského teni... | Peschke | 0 | |
| 9. | Z následujících rostlin vybert... | D | 0 | |
| 10. | Zřejmě nejslavnější českou fil... | dědeček vycinkal | 0 |